000 01362cam a2200361 a 4500
001 1989
003 FISKH
005 20250513102850.0
008 890706t19901989nyua j 001 0 eng
010 _a 89037436
020 _a0385267568
020 _a9780590451642
040 _aDLC
_cDLC
_dDLC
_beng
042 _alcac
050 0 0 _aHF5381.2
_b.R53 1990
082 0 0 _a331.7/02
_220
100 1 _aRice, Melanie,
_d1952-
245 1 0 _aAll about things people do /
_cMelanie & Chris Rice ; illustrated by Lesley Smith.
260 _aNew York :
_bScholastic,
_c1989.
300 _a45 pages :
_bcolor illustrations ;
_c28 cm
505 _aR
520 _aDescribes what people do in different jobs, such as pilots, athletes, and hairdressers; what different places look like, from factories, to schools, to theaters; and how things are made, including cars, clay pots, and buildings.
521 8 _a720
_bLexile
521 8 _aR
_bRaz-Plus
650 0 _aOccupations
_xJuvenile literature.
650 0 _aProfessions
_xJuvenile literature.
650 1 _aOccupations.
700 1 _aRice, Christopher.
_dAuthor
700 1 _aSmith, Lesley,
_eillustrator
906 _a7
_bcbc
_corignew
_d1
_eocip
_f19
_gy-gencatlg
942 _2ddc
_cBK
_n0
999 _c1989
_d1989